000 01632cam a22004457a 4500
003 CHAP
005 20241112133728.0
008 031020s2003 mx b r 00010 spa d
010 _a87819
011 _a88791
035 _a99336
040 _cCHAP
090 _aTesis
100 0 0 _aSolano Agama, Ana Luisa.
_9108333
245 1 0 _aLevantamiento nutrimental de agave azul (Agave tequilana Weber variedad azul) en Los Altos de Jalisco
_c/por Ana Luisa Solano Agama
260 _aChapingo, Méx. :
_bEl autor,
_c2003.
300 _a76 h. ;
_bmapa
502 _aTesis (Ing. Agr. Esp. en Suelos) -- UACH. Departamento de Suelos
530 _aTambién disponible en línea
590 _aALEPH
_b10
_c20130110
_lUCH01
_h1455
590 _aBATCH-UPD
_b10
_c20130110
_lUCH01
_h0606
590 _aBATCH-UPD
_b10
_c20130110
_lUCH01
_h2333
590 _aBATCH-UPD
_b10
_c20130410
_lUCH01
_h0248
590 _aBATCH-UPD
_b10
_c20130410
_lUCH01
_h1622
590 _aBATCH-UPD
_b10
_c20130913
_lUCH01
_h1959
590 _aBATCH-UPD
_b10
_c20140324
_lUCH01
_h1441
590 _aBATCH-UPD
_b10
_c20141002
_lUCH01
_h0820
590 _aCONVERSION
_b10
_c20130109
_lUCH01
_h1349
650 1 4 _aAgave tequilana.
_91107
650 1 7 _apH
_xMedición
_2
_987753
650 1 4 _aSuelos ácidos.
_9110555
650 1 4 _aSuelos
_xCalcio en.
_9110225
650 1 4 _aSuelos
_xJalisco.
_9110413
856 _3Finding aid
_uhttp://10.13.5.2/tesis/99336.pdf
_zTeclea aqui
901 _aBK
905 _aMayto Villalobos S.
942 _cFOLL
949 _aTesis
_bBC
_cTES
_d33724000892808
_eTS2
_fc.2
_h41398
_i99336
_si
949 _aTesis
_bBC
_cTES
_d99336123
_eTS1
_h41397
_i99336
_sb
999 _c87819
_d87819